Tìm cốt người âm : hiện tượng tìm mộ bằng ngoại cảm qua lăng kính báo chí thời đổi mới /

Αποθηκεύτηκε σε:
Λεπτομέρειες βιβλιογραφικής εγγραφής
Κύριος συγγραφέας: Nguyễn Anh Tuấn.
Μορφή: Άρθρο
Γλώσσα:Vietnamese
Θέματα:
Ετικέτες: Προσθήκη ετικέτας
Δεν υπάρχουν, Καταχωρήστε ετικέτα πρώτοι!
Thư viện lưu trữ: Thư viện Trường Đại học Đà Lạt
LEADER 00818nam a2200265 4500
001 DLU090065984
005 ##20090420
040 # # |a DLU  |b vie 
041 # # |a vie 
044 # # |a vn 
100 # # |a Nguyễn Anh Tuấn. 
245 # # |a Tìm cốt người âm :  |b hiện tượng tìm mộ bằng ngoại cảm qua lăng kính báo chí thời đổi mới /  |c Nguyễn Anh Tuấn. 
653 # # |a Hiện tượng siêu tự nhiên 
653 # # |a Mộ 
653 # # |a Ngoại cảm 
773 # # |t Dân tộc học  |g Số 4(154), 2008, tr. 34-42 
920 # # |a Phòng Tạp chí -- Trung tâm Thông tin - Thư viện Trường Đại học Đà Lạt 
994 # # |a DLU 
900 # # |a True 
911 # # |a Nguyễn Thanh Hương 
925 # # |a G 
926 # # |a A 
927 # # |a BB 
980 # # |a Thư viện Trường Đại học Đà Lạt